[Event "ProMoPro Open"]
[Site "Prague CZE"]
[Date "2005.09.16"]
[Round "2"]
[White "Taborska,V"]
[Black "Palas,A"]
[Result "0-1"]
[WhiteElo "2065"]
[BlackElo "2041"]

1.d4 d5 2.c4 dxc4 3.e4 e5 4.d5 Nf6 5.Nc3 c6 6.Bxc4 cxd5 7.exd5 Nbd7 8.Nge2 Bd6
9.O-O a6 10.Bg5 Qc7 11.Bb3 O-O 12.Rc1 Qb8 13.Ng3 h6 14.Be3 Nc5 15.Bc2 b5
16.b4 Nb7 17.a3 Ng4 18.Nf5 Bxf5 19.Bxf5 Nf6 20.Qf3 Be7 21.Bb1 Nd6 22.Qg3 Nc4
23.Bxh6 Ne8 24.Ne4 a5 25.Nc5 Qd6 26.Bg5 Bxg5 27.Qxg5 Nxa3 28.Be4 axb4 29.Nd3 Nc4
30.f4 exf4 31.Nxf4 Nf6 32.Nh5 Nxh5 33.Qxh5 g6 34.Qh6 Qe5 35.Rf4 Ra1 36.Rxa1 Qxa1+
37.Rf1 Qd4+ 38.Kh1 Qxe4  0-1

[Event "Geller mem Open A"]
[Site "Odessa UKR"]
[Date "2005.09.21"]
[Round "7"]
[White "Fiodorov,M"]
[Black "Fingerov,D"]
[Result "1-0"]
[WhiteElo "2151"]
[BlackElo "2358"]

1.d4 d5 2.c4 dxc4 3.e4 c5 4.d5 Nf6 5.Nc3 e6 6.Bxc4 exd5 7.Nxd5 Be7 8.Bf4 Nxd5
9.Bxd5 O-O 10.Nf3 Nd7 11.e5 Nb6 12.Be4 f5 13.exf6 Bxf6 14.Qc2 Bxb2 15.Rd1 Qf6
16.Bxh7+ Kh8 17.Be3 Bh3 18.gxh3 Qxf3 19.Be4 Bc3+ 20.Qxc3 Qxe4 21.Rg1 Rf6
22.Qxc5 Re8 23.Rg4 Qh1+ 24.Kd2 Qd5+ 25.Qxd5 Nxd5 26.Bd4 Rf7 27.Rdg1 Ree7
28.h4 Kh7 29.Kc2 b6 30.Kb3 Nf4 31.Rd1 Rd7 32.Kc2 Rc7+ 33.Kd2 Rcd7 34.Ke1 Nd5
35.Rd2 Ne7 36.Be3 Rc7 37.Kd1 Nf5 38.Bf4 Rc4 39.h3 Rc3 40.Bg5 Rxh3 41.Rf4 a6
42.Rd5 Ne7 43.Rxf7 Nxd5 44.Kc2 Rc3+ 45.Kb2 Rc5 46.Rf5 Kg6 47.Re5 Rb5+ 48.Ka1 Nc3
49.Rxb5 Nxb5 50.Kb2 Nd6 51.Bd8 Kf5 52.Kc3 Ne4+ 53.Kb4 b5 54.f3 Nd6 55.Be7 Nc4
56.h5 Ne5 57.Bf8 Kf6 58.Ka5 Nxf3 59.Kxa6 Kf7 60.Bc5 Ke8 61.Kxb5 Kd7 62.Kb6 Ne5
63.Bd4 Nc4+ 64.Kc5 Na5 65.Bxg7 Nb7+ 66.Kd5 Nd6 67.h6 Nf7 68.h7 Ke7 69.a4 Kd7
70.a5 Kc7 71.a6 Kb6 72.Bf6 Kxa6 73.Ke6  1-0

[Event "Veselin Boskovic Mem"]
[Site "Bijelo Polje SCG"]
[Date "2005.10.03"]
[Round "2"]
[White "Shishkin,Va UKR"]
[Black "Kizov,A"]
[Result "1-0"]
[WhiteElo "2532"]
[BlackElo "2423"]

1.d4 d5 2.c4 dxc4 3.e4 e5 4.Nf3 Bb4+ 5.Bd2 Bxd2+ 6.Nbxd2 exd4 7.Bxc4 Nc6
8.O-O Nge7 9.Nb3 d3 10.Bxd3 Bg4 11.h3 Bh5 12.Rc1 O-O 13.g4 Bg6 14.Bb1 Qxd1
15.Rfxd1 Rfd8 16.Nfd4 Nxd4 17.Nxd4 c6 18.f4 f6 19.Ne6 Rxd1+ 20.Rxd1 Bf7 21.Nd8 Ng6
22.f5 Ne5 23.Nxb7 h5 24.gxh5 Bxh5 25.Rd8+ Rxd8 26.Nxd8 Bf7 27.Kf2 Kf8 28.Ke3 Ke7
29.Nb7 Kd7 30.b3 Kc7 31.Nc5 Kd6 32.Na4 a5 33.Bd3 c5 34.Nc3 c4 35.Bxc4 Nxc4+
36.bxc4 Kc5 37.e5 Bxc4 38.exf6 gxf6 39.a3 Bf7 40.Ne4+ Kd5 41.Nxf6+ Kc4 42.Ng4 Kb3
43.Ne5 Bh5 44.Kd4 Kxa3 45.f6 Kb3 46.f7 Bxf7 47.Nxf7 a4 48.Ne5 a3 49.Nd3 Ka4
50.Nc1 Kb5 51.h4  1-0

[Event "Vojvodina Quality League"]
[Site "Pancevo SCG"]
[Date "2005.10.06"]
[Round "5"]
[White "Ilincic,Z"]
[Black "Indjic,D"]
[Result "1-0"]
[WhiteElo "2540"]
[BlackElo "2364"]

1.d4 d5 2.c4 dxc4 3.e4 Nf6 4.e5 Nd5 5.Bxc4 Nc6 6.Ne2 Nb6 7.Bb3 Bf5 8.Nbc3 e6
9.a3 Be7 10.O-O Qd7 11.Be3 O-O-O 12.Qc1 Na5 13.Ba2 Bd3 14.b3 Nc6 15.Rd1 Ba6
16.Ng3 f5 17.b4 Bc4 18.f4 Bxa2 19.Rxa2 Nd5 20.Nge2 Rdf8 21.Bd2 Nd8 22.Qc2 h6
23.Qb3 g5 24.Rc2 Kb8 25.Nxd5 Qxd5 26.Qd3 Qd7 27.Rdc1 c6 28.b5 c5 29.Qc4 b6
30.a4 Nb7 31.a5 bxa5 32.b6 axb6 33.Qa6 Rc8 34.Qxb6 Bd8 35.Qb2 Be7 36.Bxa5 Rc6
37.dxc5 Rhc8 38.Bb6 Qd5 39.Rd2 Rxb6 40.cxb6 Rxc1+ 41.Qxc1 Bc5+ 42.Kh1 Qe4
43.Rc2 Bxb6 44.Nc3 Qxf4 45.Qxf4 gxf4 46.Ne2 Be3 47.Rc4 Nc5 48.Nxf4 Ne4 49.Nd3 Kb7
50.g3 Kb6 51.Kg2  1-0

[Event "2nd Bundesliga Ost 2005-6"]
[Site "Austria AUT"]
[Date "2005.10.09"]
[Round "2"]
[White "Chytilek,R"]
[Black "Vyskocil,N"]
[Result "1/2-1/2"]
[WhiteElo "2400"]
[BlackElo "2318"]

1.d4 d5 2.c4 dxc4 3.e4 Nf6 4.e5 Nd5 5.Bxc4 Nc6 6.Be3 Bf5 7.Nc3 e6 8.Nxd5 exd5
9.Bb5 Bb4+ 10.Bd2 Bxd2+ 11.Qxd2 Bd7 12.Bxc6 Bxc6 13.Ne2 Qd7 14.O-O Bb5 15.Rfe1 Bxe2
16.Rxe2 O-O 17.Qb4 c6 18.Rae1 Rfe8 19.f4 Rac8 20.f5 a5 21.Qb3 Qxf5 22.Qxb7 Qe6
23.Qa7 Ra8 24.Qc5 Ra6 25.Rf2 Qe7 26.Qxe7 Rxe7 27.Rc1 Rb7 28.Rfc2 Rb4 29.Rxc6  1/2-1/2

[Event "Open A"]
[Site "Hamburg GER"]
[Date "2005.10.09"]
[Round "9"]
[White "Schmidt,Ha"]
[Black "Krallmann,M"]
[Result "0-1"]
[WhiteElo "2368"]
[BlackElo "2263"]

1.d4 d5 2.c4 dxc4 3.e4 Nc6 4.Be3 Nf6 5.Nc3 e5 6.d5 Na5 7.Nf3 Bd6 8.Nd2 a6
9.Bxc4 Nxc4 10.Nxc4 Ng4 11.Nxd6+ cxd6 12.Bd2 Qh4 13.Qe2 f5 14.h3 O-O 15.g3 Qh5
16.O-O-O Nf6 17.Qxh5 Nxh5 18.exf5 b5 19.g4 Nf6 20.Bg5 Bb7 21.Bxf6 gxf6 22.Ne4 Rad8
23.Rd3 Kf7 24.Kd2 Ke7 25.h4 h6 26.g5 hxg5 27.hxg5 fxg5 28.Rh7+ Rf7 29.f6+ Ke8
30.Nxg5 Rxh7 31.Nxh7 Kf7 32.Rg3 Rg8 33.Ng5+ Kf8 34.Ne6+ Kf7 35.Rxg8 Kxg8
36.f7+ Kxf7 37.Nd8+ Ke7 38.Nxb7 Kd7 39.b4 Kc7 40.Na5  0-1

[Event "Chigorin Mem"]
[Site "St Petersburg RUS"]
[Date "2005.10.19"]
[Round "5"]
[White "Achang,A"]
[Black "Dzhabrailova,I"]
[Result "1-0"]
[WhiteElo "2238"]
[BlackElo "2111"]

1.d4 d5 2.c4 dxc4 3.e4 Nc6 4.d5 Ne5 5.Bf4 Nd3+ 6.Bxd3 cxd3 7.Nc3 e6 8.Qxd3 Nf6
9.O-O-O exd5 10.exd5 Bd6 11.Re1+ Kf8 12.Bg5 h6 13.Bh4 g5 14.Bg3 Bb4 15.Nge2 Bg4
16.Qd4 c5 17.dxc6 Qxd4 18.Nxd4 Bxc3 19.cxb7 Rd8 20.bxc3  1-0

[Event "Chigorin Mem"]
[Site "St Petersburg RUS"]
[Date "2005.10.21"]
[Round "7"]
[White "De Luna,A"]
[Black "Dzhabrailova,I"]
[Result "0-1"]
[WhiteElo "1830"]
[BlackElo "2111"]

1.d4 d5 2.c4 dxc4 3.e4 Nc6 4.Be3 Nf6 5.Nc3 e5 6.d5 Na5 7.Qa4+ Bd7 8.Qxa5 a6
9.b4 b6 10.Qa3 a5 11.Qb2 axb4 12.Nd1 c3 13.Qb1 Ra3 14.Bc4 Ba4 15.Bb3 Bxb3
16.axb3 c2 17.Qb2 cxd1=Q+ 18.Rxd1 Nxe4 19.Qxe5+ Qe7 20.Qb2 Nc3 21.Rd2 Qe4
22.Nf3 Ra2 23.Qc1 Rxd2 24.Qxd2 Qb1+ 25.Qc1 Qxb3 26.O-O Ne2+  0-1

[Event "Chigorin Mem"]
[Site "St Petersburg RUS"]
[Date "2005.10.22"]
[Round "8"]
[White "Kryakvin,D"]
[Black "Ponfilenok,V"]
[Result "1-0"]
[WhiteElo "2458"]
[BlackElo "2256"]

1.d4 d5 2.c4 dxc4 3.e4 e5 4.Nf3 exd4 5.Qxd4 Qxd4 6.Nxd4 Bc5 7.Nb5 Na6 8.Bxc4 c6
9.N5a3 b5 10.Bb3 Nf6 11.f3 Be6 12.Bxe6 fxe6 13.Nc2 O-O-O 14.a4 Kb7 15.axb5 cxb5
16.Nc3 Nb4 17.Nxb4 Bxb4 18.Be3 a6 19.Ke2 Rc8 20.Rhc1 Rhd8 21.Nd1 Nd7 22.Bg5 Re8
23.Ne3 Nb6 24.Rd1 Be7 25.Bxe7 Rxe7 26.Rd6 Rcc7 27.e5 Rcd7 28.Rad1 Rxd6 29.Rxd6 Nc8
30.Rd8 Kc7 31.Rh8 h6 32.f4 a5 33.f5 Nb6 34.f6 gxf6 35.exf6 Rf7 36.Rxh6 Nd7
37.g4 Rxf6 38.Rh7 Kd6 39.g5 Rf8 40.h4 Ne5 41.h5 Rg8 42.g6 Nxg6 43.hxg6 Rxg6
44.Rh5 Kc6 45.Kd3 Kb6 46.Re5 Rh6 47.Kc3 Rg6 48.Kb3 Rh6 49.Nc2 a4+ 50.Ka2 Rh4
51.Rxe6+ Ka5 52.Re5 Rc4 53.Na3 Rb4 54.Nb1 Rb3 55.Nc3 Kb6 56.Rh5 Kc6 57.Rh6+ Kc5
58.Ne4+ Kd5 59.Rh4 Kc6 60.Rh6+ Kd5 61.Nc3+ Kc5 62.Rh5+ Kc6 63.Nd5 Kc5 64.Nc7+ Kb6
65.Ne6 Rb4 66.Nc5 Kc6 67.Na6 Rb3 68.Rh6+ Kd5 69.Nc7+ Kc5 70.Rg6 Kb4 71.Rc6 Ka5
72.Nd5 Rh3 73.Rc8 Ka6 74.Rb8 Rb3 75.Rb6+ Ka7 76.Re6 Kb7 77.Rb6+ Ka7 78.Rc6 Kb8
79.Rc3  1-0

[Event "SCG First League w"]
[Site "Vrnjacka Banja SCG"]
[Date "2005.10.23"]
[Round "7"]
[White "Kononenko,T"]
[Black "Maric,A"]
[Result "1/2-1/2"]
[WhiteElo "2423"]
[BlackElo "2420"]

1.d4 d5 2.c4 dxc4 3.e4 e5 4.Nf3 Bb4+ 5.Nc3 exd4 6.Nxd4 Ne7 7.Bxc4 Nbc6 8.Be3 Nxd4
9.Bxd4 O-O 10.a3 Bxc3+ 11.Bxc3 Qxd1+ 12.Rxd1 Re8 13.f3 Ng6 14.Kf2 Be6 15.Bxe6 Rxe6
16.Rd7 Rc8 17.Rhd1 Ree8 18.Bb4 Ne5 19.R7d2 f6 20.Rc1 Nc6 21.Bc3 Rcd8 22.Rcd1  1/2-1/2

[Event "5th Rohde Open"]
[Site "Sautron FRA"]
[Date "2005.10.25"]
[Round "4"]
[White "Vinsot,R"]
[Black "Ivanov,Jo"]
[Result "1-0"]
[WhiteElo "2094"]
[BlackElo "2359"]

1.d4 d5 2.c4 dxc4 3.e4 c5 4.Nf3 cxd4 5.Qxd4 Qxd4 6.Nxd4 Nf6 7.Nc3 e5 8.Ndb5 Kd8
9.Be3 Be6 10.O-O-O+ Nbd7 11.Bxa7 Rxa7 12.Nxa7 Ng4 13.f3 Nf2 14.Be2 Nxh1 15.Rxh1 Kc7
16.Nab5+ Kc6 17.Kc2 Bb4 18.Rd1 Ra8 19.b3 Bxc3 20.Nxc3 b5 21.b4 Nb6 22.Ra1 g5
23.Kb2 h5 24.g3 g4 25.Bd1 Rd8 26.Kc2 f5 27.a4 bxa4 28.b5+ Kc5 29.Nxa4+ Nxa4
30.Rxa4 Kxb5 31.Ra7 fxe4 32.fxe4 Bd7 33.Kc3 Kb6 34.Ra2 Bb5 35.Bc2 Kc5 36.Ra7 Rf8
37.Rc7+ Kd6 38.Rh7 Rf3+ 39.Kb4 Be8 40.Rh6+ Ke7 41.Kxc4 Bf7+ 42.Kb4 Rf2 43.Bd3 Rb2+
44.Kc3 Rxh2 45.Bc4 Be8 46.Re6+ Kf8 47.Rxe5 Rg2 48.Kd4 Rxg3 49.Rg5 Rg1 50.Ke5 Ke7
51.Rg7+ Kd8 52.Kd6 g3 53.Ra7 Kc8 54.Ra8+ Kb7 55.Bd5+ Kb6 56.Rxe8 g2 57.Rb8+ Ka5
58.Rg8 h4 59.e5 h3 60.e6 Rd1 61.e7 h2 62.e8=Q g1=Q 63.Qa8+ Kb4 64.Rb8+ Kc3
65.Qa3+ Kd2 66.Rb2+ Ke1 67.Qc3+ Kf1 68.Qf3+  1-0

[Event "9th Bavarian Open"]
[Site "Bad Wiessee GER"]
[Date "2005.11.04"]
[Round "7"]
[White "Jaracz,P"]
[Black "Levushkina,E"]
[Result "1/2-1/2"]
[WhiteElo "2492"]
[BlackElo "2230"]

1.d4 d5 2.c4 dxc4 3.e4 Nf6 4.e5 Nd5 5.Bxc4 Nb6 6.Bd3 Nc6 7.Ne2 Bg4 8.f3 Be6
9.Nbc3 Bd5 10.O-O e6 11.a3 Be7 12.Kh1 Qd7 13.Qc2 Bc4 14.Bxc4 Nxc4 15.Rd1 Nb6
16.Be3 O-O 17.Bf2 Rad8 18.Nf4 Bg5 19.Nh5 Nd5 20.Ne4 Be7 21.Re1 Qc8 22.Nc3 g6
23.Ng3 Rd7 24.Nge4 Qd8 25.Rad1 Nb6 26.Ne2 Kg7 27.Qc1 Nd5 28.N2c3 h6 29.Qc2 Nb6
30.Ne2 Nd5 31.Rd2 Rh8 32.Red1 Na5 33.b4 Nc6 34.N4c3 Bg5 35.Rd3 a6 36.Nxd5 Rxd5
37.f4 Bh4 38.Nc3 Rd7 39.g3 Be7 40.d5 Nb8 41.Ba7 Rf8 42.R3d2 Qc8 43.Bxb8 Qxb8
44.dxe6 Rxd2 45.Rxd2 fxe6 46.Rd7 Rf7 47.Qb3 Qa7 48.Kg2 Qb6 49.Qc4 c5 50.b5 Bf8
51.Rxf7+ Kxf7 52.a4 axb5 53.axb5 Qd8 54.Ne4 Qd5 55.Qe2  1/2-1/2

[Event "Open A"]
[Site "Bethune FRA"]
[Date "2005.12.28"]
[Round "5"]
[White "Housieaux,D"]
[Black "Solodovnichenko,Y"]
[Result "1/2-1/2"]
[WhiteElo "2305"]
[BlackElo "2494"]

1.d4 d5 2.c4 dxc4 3.e4 e5 4.d5 Nf6 5.Nc3 Bc5 6.Bxc4 Qd6 7.Qe2 O-O 8.Nf3 Bg4
9.O-O a6 10.h3 Bh5 11.Qd3 b5 12.Bb3 Nc6 13.Nh4 Nd4 14.Nf5 Qb6 15.Bg5 Bg6
16.g4 h5 17.Bd1 Rfe8 18.a4 Nh7 19.a5 Qb7 20.Bh4 f6 21.Kh2 hxg4 22.Bxg4 Rad8
23.Rg1 Bf8 24.Nh6+ gxh6 25.Bf5 Ng5 26.Bxg5 fxg5 27.Bxg6 Re7 28.h4 Rg7 29.h5 Bc5
30.Rg3 Rf8 31.Nd1 Qc8 32.Kg2 Qd8 33.b3 Rf6 34.Ra2 Bb4 35.Qf1 Rgxg6 36.hxg6 Qe8
37.Ne3 Qxg6 38.Qd3 Bd6 39.f3 Rf4 40.Rc2 Rh4 41.Rc6 Nxc6 42.dxc6 Rf4 43.Nf5 Kh7
44.Rg4  1/2-1/2

[Event "Open"]
[Site "Verona ITA"]
[Date "2006.01.02"]
[Round "1"]
[White "Luciani,V"]
[Black "Stojanovic,Mih"]
[Result "0-1"]
[WhiteElo "2254"]
[BlackElo "2522"]

1.d4 d5 2.c4 dxc4 3.e4 c5 4.d5 Nf6 5.Nc3 b5 6.f3 a6 7.a4 b4 8.Na2 e6 9.Bxc4 exd5
10.exd5 Bb7 11.Bg5 Be7 12.Bxf6 Bxf6 13.Qe2+ Qe7 14.O-O-O Qxe2 15.Nxe2 Nd7
16.Kc2 Nb6 17.b3 O-O-O 18.Nf4 Be5 19.Nd3 Bd6 20.Nb2 Bb8 21.d6 Rhf8 22.a5 Na8
23.Na4 Bxd6 24.Nc1 Kc7 25.Nd3 Kc6 26.Rhe1 Nc7 27.Re7 Bc8 28.Ne5+ Bxe5 29.Rxe5 Rxd1
30.Rxc5+ Kd6 31.Kxd1 f5 32.f4 g5 33.g3 gxf4 34.gxf4 Re8 35.Bd3 Nd5 36.Kd2 Bd7
37.Rc2 Bb5 38.Nc5 Bxd3 39.Nxd3 Re3 40.Rc8 Rh3 41.Ra8 Rxh2+ 42.Ke1 Nc7 43.Rf8 Rh1+
44.Kd2 Rh2+ 45.Ke1 Rh1+ 46.Kd2 Rh2+ 47.Ke1 Kd5 48.Rd8+ Ke4 49.Nc5+ Kxf4 50.Rd4+ Ke3
51.Rd3+ Kf4 52.Rd4+ Kf3 53.Rd7 Rh1+ 54.Kd2 Rh2+ 55.Kd3 Nb5 56.Nxa6 Ra2 57.Rxh7 Rxa5
58.Rh1 Ra3 59.Kc4 Nd6+ 60.Kd4 Ne4  0-1

[Event "10th Open"]
[Site "Bad Zwesten GER"]
[Date "2006.01.08"]
[Round "9"]
[White "Gruettner,R"]
[Black "Krallmann,M"]
[Result "0-1"]
[WhiteElo "2052"]
[BlackElo "2263"]

1.d4 d5 2.c4 dxc4 3.e4 Nc6 4.Be3 Nf6 5.f3 e5 6.d5 Ne7 7.Bxc4 a6 8.Nc3 Ng6
9.Nge2 Bd6 10.O-O O-O 11.Rc1 Qe7 12.Bb3 Bd7 13.Na4 b6 14.a3 h6 15.Nac3 Rae8
16.Nb1 Nh7 17.Nd2 b5 18.Ba2 f5 19.Qc2 Ng5 20.Qxc7 Rc8 21.Qa7 Ra8 22.Qb6 Rfb8
23.Bxg5 hxg5 24.Qf2 Rc8 25.exf5 Bxf5 26.Ng3 Bd3 27.Rfe1 Nf4 28.Qe3 Kh8 29.Nde4 g6
30.Rc6 Rxc6 31.dxc6 Bb8 32.Kh1 Ba7 33.Qd2 Rc8 34.Rc1 Qd8 35.Nf2 Qd4 36.Nxd3 Nxd3
37.Ne4 Nxc1 38.Qxc1 Rxc6 39.Qe1 Qxb2  0-1

[Event "Gibtelecom Masters"]
[Site "Gibraltar ENG"]
[Date "2006.01.26"]
[Round "3"]
[White "Cafolla,P"]
[Black "Sisask,J"]
[Result "0-1"]
[WhiteElo "2080"]
[BlackElo "2196"]

1.d4 d5 2.c4 dxc4 3.e4 Nc6 4.Be3 Nf6 5.Nc3 e5 6.d5 Na5 7.Bxc4 Nxc4 8.Qa4+ Bd7
9.Qxc4 a6 10.a4 b5 11.axb5 axb5 12.Rxa8 Qxa8 13.Qxc7 Qa1+ 14.Ke2 Qxb2+ 15.Kd3 Bd6
16.Qxd6 Qxc3+ 17.Kxc3 Nxe4+ 18.Kb4 Nxd6 19.Nf3 f6 20.Ra1 Kf7 21.Ra7 Rd8 22.Bb6 Nc8
23.Ra8 Re8 24.Bc5 Nb6 25.Ra7 Nxd5+ 26.Kb3 Rd8 27.Nh4 Ke8 28.g3 g5 29.Ng2 Kf7
30.Ne3 Nxe3 31.fxe3 Kg6 32.Kb4 Be8 33.g4 Rd7 34.Ra8 Kf7 35.Ra2 Rd1 36.Ra7+ Kg6
37.Ra6 Rb1+ 38.Kc3 Rc1+ 39.Kb4 Rc4+  0-1

[Event "14th FAJR Open"]
[Site "Tehran IRI"]
[Date "2006.01.29"]
[Round "7"]
[White "Kotanjian,T"]
[Black "Alavi,S"]
[Result "1-0"]
[WhiteElo "2471"]
[BlackElo "2293"]

1.d4 d5 2.c4 dxc4 3.e4 c5 4.d5 Nf6 5.Nc3 e6 6.Bxc4 exd5 7.Nxd5 Be7 8.Ne2 O-O
9.Bf4 Nxd5 10.Bxd5 Nc6 11.O-O Nb4 12.Nc3 Nxd5 13.Nxd5 Bd6 14.e5 Bb8 15.Qf3 Bg4
16.Qxg4 Qxd5 17.Rfd1 Qc6 18.Rd7 Bc7 19.Rad1 Rad8 20.e6 Rxd7 21.exd7 Rd8 22.Bxc7 Qxc7
23.Qe4 g6 24.h4 Kf8 25.Qd5 h5 26.f4 Qxf4 27.Qxc5+ Kg7 28.Qxa7 Qxh4 29.Qxb7 Qg4
30.Qd5 Kg8 31.Rd4 Qg3 32.Re4 Qb8 33.b4 Qa7+ 34.Rd4 Qa3 35.Re4 Qa7+ 36.Qd4 Qa4
37.Re7 Qc6 38.Qe5 Kf8 39.Re8+ Rxe8 40.Qh8+  1-0

[Event "Gibtelecom Masters"]
[Site "Gibraltar ENG"]
[Date "2006.02.01"]
[Round "9"]
[White "Peek,Mar"]
[Black "Sisask,J"]
[Result "1-0"]
[WhiteElo "2375"]
[BlackElo "2196"]

1.d4 d5 2.c4 dxc4 3.e4 Nc6 4.Nf3 Bg4 5.d5 Ne5 6.Bf4 Ng6 7.Be3 Nf6 8.Nc3 e5
9.Bxc4 Bd6 10.Bb5+ Bd7 11.Qb3 O-O 12.O-O a6 13.Bxd7 Qxd7 14.h3 b6 15.Qc2 Nh5
16.Ne2 f5 17.exf5 Rxf5 18.Nd2 Nhf4 19.Ng3 Rff8 20.Nde4 Nh4 21.Ng5 g6 22.Bxf4 exf4
23.N3e4 Be5 24.Rad1 Qf5 25.f3 Qd7 26.Ne6 Rfe8 27.Rfe1 Nf5 28.Rd3 Ne3 29.Qb3 Kh8
30.Rc1 Rac8 31.Rc6 Re7 32.a4 a5 33.N6g5 Nf5 34.Re6 Nd4 35.Rxe7 Qxe7 36.Qc4 c5
37.d6 Qe8 38.Qd5  1-0

[Event "ch-CUB sf"]
[Site "Santa Clara CUB"]
[Date "2006.02.06"]
[Round "2"]
[White "Hernandez,Hold"]
[Black "Valdes,Lu"]
[Result "1-0"]
[WhiteElo "2499"]
[BlackElo "2372"]

1.d4 d5 2.c4 dxc4 3.e4 e5 4.Nf3 Bb4+ 5.Nc3 exd4 6.Nxd4 Ne7 7.Bxc4 Nbc6 8.Be3 O-O
9.Nxc6 Bxc3+ 10.bxc3 Nxc6 11.O-O Qd6 12.Qc2 Be6 13.Bd3  1-0

[Event "TCh-HUN 2005-6"]
[Site "Hungary HUN"]
[Date "2006.02.26"]
[Round "8"]
[White "Forintos,G"]
[Black "Nemeth,Zo"]
[Result "1/2-1/2"]
[WhiteElo "2347"]
[BlackElo "2340"]

1.d4 d5 2.c4 dxc4 3.e4 c5 4.Nf3 cxd4 5.Qxd4 Qxd4 6.Nxd4 Bd7 7.Bxc4 Nc6 8.Nxc6 Bxc6
9.Nc3 e6 10.Nb5 Bb4+ 11.Ke2 Ke7 12.f3 Bc5 13.Rd1 a6 14.Nd4 Bxd4 15.Rxd4 Nf6
16.Bf4 Rhd8 17.Rxd8 Rxd8 18.Rc1 Rc8 19.Bd2 Bd7 20.Bb4+ Ke8 21.Kd2 Bb5 22.Ba5 Ke7
23.Bb4+ Ke8 24.Bb3 Rxc1 25.Kxc1 Bf1 26.g3 Be2 27.Bd1 Bxd1 28.Kxd1 Ng8 29.Kd2  1/2-1/2

[Event "1st ONGC Cup"]
[Site "Hyderabad IND"]
[Date "2006.03.03"]
[Round "8"]
[White "Abdulla,AlR"]
[Black "Murali Krishnan,B"]
[Result "1-0"]
[WhiteElo "2477"]
[BlackElo "2337"]

1.d4 d5 2.c4 dxc4 3.e4 Nf6 4.e5 Nd5 5.Bxc4 Nb6 6.Bd3 Nc6 7.Ne2 Nb4 8.Be4 f5
9.exf6 exf6 10.Nf4 g6 11.O-O f5 12.Bf3 Be7 13.Qb3 a5 14.Re1 Qd6 15.Bd2 Nc6
16.Bxc6+ bxc6 17.Na3 a4 18.Qc3 O-O 19.Nc4 Nxc4 20.Qxc4+ Rf7 21.Rac1 Bd7 22.Ne6 a3
23.b3 f4 24.Nxf4 Bf6 25.d5 Bg5 26.dxc6 Qxd2 27.cxd7 Qxd7 28.Rcd1 Qf5 29.Ne6 Re8
30.f3 Be7 31.Rd5 Qf6 32.Nd4 Qh4 33.Rde5 c5 34.Nc6 Qxc4 35.bxc4 Kf8 36.R1e4 h6
37.Kf2  1-0

[Event "XXII Open"]
[Site "Reykjavik ISL"]
[Date "2006.03.07"]
[Round "2"]
[White "Schwartz,Y"]
[Black "Player,E"]
[Result "1-0"]
[WhiteElo "2250"]
[BlackElo "2122"]

1.d4 d5 2.c4 dxc4 3.e4 e5 4.Nf3 exd4 5.Bxc4 Nc6 6.O-O Be6 7.Bxe6 fxe6 8.Qb3 Qd7
9.Na3 Bxa3 10.Qxa3 Nge7 11.Ng5 h6 12.Qh3 Rg8 13.Qh5+ Kd8 14.Nf3 Kc8 15.Rd1 Qd6
16.Qg4 b6 17.Be3 d3 18.Bf4 Qd7 19.Rac1 g5 20.Bg3 Kb7 21.b4 a6 22.a4 Rac8
23.Rc4 Rgd8 24.Qh5 a5 25.b5 Nb4 26.Qxh6 Ng8 27.Qxg5 Qe7 28.Qe5 Nf6 29.h3 Rd7
30.Nd4 Rd6 31.Nf5 Qd7 32.Qxf6 exf5 33.Bxd6 cxd6 34.Rxc8 Qxc8 35.Qe7+ Ka8
36.exf5 Qxf5 37.Qd8+ Kb7 38.Re1 Nd5 39.Re8  1-0

[Event "Victor Ciocaltea Mem"]
[Site "Bucharest ROM"]
[Date "2006.03.10"]
[Round "3"]
[White "Shishkin,Va UKR"]
[Black "Ionescu,M"]
[Result "1/2-1/2"]
[WhiteElo "2545"]
[BlackElo "2389"]

1.d4 d5 2.c4 dxc4 3.e4 e5 4.Nf3 exd4 5.Bxc4 Nc6 6.O-O Be6 7.Bb5 Bc5 8.b4 Bb6
9.Bb2 Ne7 10.Bxd4 O-O 11.Bc3 Qxd1 12.Rxd1 Rfd8 13.Nbd2 Nd4 14.Bxd4 Bxd4 15.Rac1 Bb6
16.Bc4 Nc6 17.Bxe6 fxe6 18.a3 Nd4 19.Kf1 c6 20.Nxd4 Rxd4 21.Nf3 Rxd1+ 22.Rxd1 Rd8
23.Rxd8+ Bxd8 24.Ke2 Kf7 25.e5 h5 26.Kd3 a5 27.Kc4 axb4 28.axb4 Ke7 29.Ng5 Kd7
30.Ne4 b5+ 31.Kc3 Be7 32.g3 Bd8 33.h3 Bb6 34.g4 hxg4 35.hxg4 Ke7 36.Kd3 Bc7
37.f4 g6 38.Ng5 Bb6 39.Ne4 Bc7 40.Ng5 Bb6 41.Nf3 c5 42.bxc5 Bxc5 43.Nd4 b4
44.Nb3 Bf2 45.Nc1 Bg3 46.Ne2 Be1 47.Kc2 Kd7 48.Nd4 Bg3 49.Ne2 Be1 50.Kb3 Bd2
51.Kc4 Be1 52.Nc1 Bd2 53.Nd3 Ke7 54.Nxb4  1/2-1/2

[Event "FIDE WCh Women KO"]
[Site "Ekaterinburg RUS"]
[Date "2006.03.11"]
[Round "1.1"]
[White "Ushenina,A"]
[Black "Korbut,E"]
[Result "1/2-1/2"]
[WhiteElo "2398"]
[BlackElo "2427"]

1.d4 d5 2.c4 dxc4 3.e4 Nf6 4.e5 Nd5 5.Bxc4 Nb6 6.Bd3 Nc6 7.Be3 Nb4 8.Be4 f5
9.exf6 exf6 10.a3 f5 11.axb4 fxe4 12.Nc3 Be6 13.Nh3 Qd7 14.Ng5 Bxb4 15.Nxe6 Bxc3+
16.bxc3 Qxe6 17.Qh5+ Qf7 18.Qe5+ Qe7 19.Qb5+ Qd7 20.Qh5+ Qf7 21.Qe5+ Qe7
22.Qh5+ Qf7 23.Qb5+ Qd7 24.Qe5+  1/2-1/2

[Event "FIDE WCh Women KO"]
[Site "Ekaterinburg RUS"]
[Date "2006.03.12"]
[Round "1.3"]
[White "Ushenina,A"]
[Black "Korbut,E"]
[Result "1-0"]
[WhiteElo "2398"]
[BlackElo "2427"]

1.d4 d5 2.c4 dxc4 3.e4 Nf6 4.e5 Nd5 5.Bxc4 Nb6 6.Bd3 Nc6 7.Ne2 Bg4 8.f3 Be6
9.Nbc3 Bd5 10.O-O e6 11.Be3 Qd7 12.a3 Be7 13.Qc2 g6 14.Rfd1 Na5 15.Nxd5 Nxd5
16.Bf2 a6 17.Nc3 f5 18.exf6 Nxf6 19.b4 Nc6 20.Bc4 Nd5 21.Ne4 O-O 22.Nc5 Bxc5
23.dxc5 Nce7 24.Re1 Rae8 25.Re4 Nf5 26.Rae1 c6 27.h4 Ng7 28.Bg3 Rf7 29.Be5 Nf5
30.Ba1 Ng7 31.Qe2 Ref8 32.Bxg7 Rxg7 33.Rxe6 Rgf7 34.Qe5 Qd8 35.Re8 Qxh4 36.Rxf8+ Rxf8
37.Bxd5+ cxd5 38.Qxd5+ Rf7 39.Re4 Qf6 40.Re8+ Kg7 41.Qe5 Qxe5 42.Rxe5 Rd7
43.Re6 Kf7 44.Rb6 Ke7 45.Kf2 Kd8 46.Ke3 Kc7 47.a4 Rf7 48.Ke4 Rd7 49.a5 Rd2
50.g4 Rb2 51.Kf4 Rb3 52.Ke4 g5 53.f4 gxf4 54.Kxf4 Rb1 55.Kg5 Rb2 56.Kf5 Rb1
57.Kf4 Rb2 58.Kf5 Rb1 59.Kf6 Rf1+ 60.Ke5 Rg1 61.Kf4 Rb1 62.g5 Rf1+ 63.Ke5 Rg1
64.Kf5 Rf1+ 65.Ke6 Rg1 66.Kf6 Rf1+ 67.Ke7 Re1+ 68.Re6 Rb1 69.Re4 Rh1 70.Kf6 Kc6
71.Re7 Rh4 72.Re6+ Kc7 73.Rb6 Rg4 74.Kf5 Rh4 75.Rh6 Rxb4 76.Rxh7+ Kc6 77.g6 Rb1
78.g7 Rf1+ 79.Kg6 Rg1+ 80.Kf7 Kxc5 81.g8=Q Rxg8 82.Kxg8 b5 83.Ra7 b4 84.Rxa6 Kb5
85.Ra8  1-0

[Event "7th ch-Euro w"]
[Site "Kusadasi TUR"]
[Date "2006.04.04"]
[Round "1"]
[White "Cherednichenko,S"]
[Black "Ushenina,A"]
[Result "0-1"]
[WhiteElo "2196"]
[BlackElo "2398"]

1.d4 d5 2.c4 dxc4 3.e4 Nf6 4.e5 Nd5 5.Bxc4 Nb6 6.Bb3 Nc6 7.Ne2 Bf5 8.Nbc3 e6
9.O-O Qd7 10.Be3 O-O-O 11.a3 Kb8 12.Na4 f6 13.Nxb6 cxb6 14.f4 Bg4 15.Rf2 Ne7
16.Qd2 Bxe2 17.Qxe2 f5 18.Rf3 Nd5 19.Bf2 Be7 20.Bxd5 Qxd5 21.Rc1 g5 22.Qc2 Rc8
23.Rc3 Qd7 24.Rxc8+ Rxc8 25.Qxc8+ Qxc8 26.Rxc8+ Kxc8 27.g3 Kd7 28.Kf1 Kc6
29.Ke2 Kd5 30.Kd3 gxf4 31.gxf4 Kc6 32.Be1 a5 33.b4 b5 34.h3 Kd5 35.Bd2 axb4
36.axb4 Bh4 37.Bc3 Bf2 38.Bb2 Be1 39.Ba3 b6 40.Bb2 Bxb4 41.Bc1 Be1 42.Be3 b4
43.Bg1 b3 44.Be3 b2 45.Kc2 Bc3  0-1

[Event "7th ch-Euro w"]
[Site "Kusadasi TUR"]
[Date "2006.04.07"]
[Round "4"]
[White "Khudaverdieva,A"]
[Black "Fakhiridou,E"]
[Result "0-1"]
[WhiteElo "2153"]
[BlackElo "2292"]

1.d4 d5 2.c4 dxc4 3.e4 e5 4.Nf3 exd4 5.Bxc4 Nc6 6.O-O Be6 7.Bxe6 fxe6 8.Qb3 Qd7
9.Qxb7 Rb8 10.Qa6 Nf6 11.Nbd2 Bb4 12.Qd3 Bxd2 13.Bxd2 Rxb2 14.Rac1 O-O 15.Ng5 Qd6
16.Rfd1  0-1

[Event "7th ch-Euro w"]
[Site "Kusadasi TUR"]
[Date "2006.04.07"]
[Round "4"]
[White "Khudaverdieva,A"]
[Black "Fakhiridou,E"]
[Result "0-1"]
[WhiteElo "2153"]
[BlackElo "2292"]

1.d4 d5 2.c4 dxc4 3.e4 e5 4.Nf3 exd4 5.Bxc4 Nc6 6.O-O Be6 7.Bxe6 fxe6 8.Qb3 Qd7
9.Qxb7 Rb8 10.Qa6 Nf6 11.Nbd2 Bb4 12.Qd3 Bxd2 13.Bxd2 Rxb2 14.Rac1 O-O 15.Rc5 Qd6
16.Rfc1 Ng4 17.Rh5 Nge5 18.Nxe5 Nxe5 19.Qe2 c5 20.Qd1 Nd3 21.Rc2 Nxf2 22.Qc1 Rxc2
23.Qxc2 Ng4 24.e5 Rf1+ 25.Kxf1 Qf8+ 26.Ke2 Qf2+ 27.Kd3 Qf1+ 28.Ke4 Nf2+ 29.Kf3 Nd3+
30.Kg3 Qf2+ 31.Kh3 Nf4+ 32.Kg4 Nxh5 33.Kxh5 Qxg2 34.Qb2 h6 35.Qb3 Qxh2+ 36.Kg6 Qg2+
37.Kh5 Qe2+ 38.Kh4 Qxe5 39.Qc2 Kf7 40.Kg4 h5+ 41.Kh4 Qh2+ 42.Kg5 Qg3+  0-1

[Event "XXIX Open"]
[Site "Donostia San Sebastian ESP"]
[Date "2006.04.09"]
[Round "3"]
[White "Flear,G"]
[Black "Ivanov,Jo"]
[Result "1-0"]
[WhiteElo "2465"]
[BlackElo "2364"]

1.d4 d5 2.c4 dxc4 3.e4 Nf6 4.e5 Nd5 5.Bxc4 Nb6 6.Bd3 Nc6 7.Be3 Nb4 8.Be4 f5
9.exf6 exf6 10.Nc3 f5 11.Bf3 N4d5 12.Bd2 Be7 13.Nh3 O-O 14.O-O Kh8 15.Nxd5 Nxd5
16.Re1 Bf6 17.Qb3 c6 18.Bxd5 Qxd5 19.Qxd5 cxd5 20.Bb4 Rg8 21.Rad1 Bd7 22.Be7 Bxe7
23.Rxe7 Bc6 24.Ng5 Rge8 25.Rde1 Rxe7 26.Rxe7 Re8 27.Nf7+ Kg8 28.Rxe8+ Bxe8
29.Nd6 Bc6 30.Nxf5 Kf7 31.f4 Kf6 32.Ne3 Ke6 33.Kf2 Bb5 34.f5+ Kd6 35.Kf3 Bd3
36.Kf4 a5 37.g4 Bb1 38.a3 Bd3 39.g5 b6 40.h4 Be4 41.h5 h6 42.g6  1-0

[Event "Open NOR-ch"]
[Site "Oslo NOR"]
[Date "2006.04.11"]
[Round "4"]
[White "Chetverik,M"]
[Black "Myhrvold,R"]
[Result "1-0"]
[WhiteElo "2313"]
[BlackElo "2155"]

1.d4 d5 2.c4 dxc4 3.e4 e5 4.Nf3 exd4 5.Bxc4 Nc6 6.O-O Be6 7.Bxe6 fxe6 8.Qb3 Qd7
9.Qxb7 Rb8 10.Qa6 Nf6 11.Nbd2 Bb4 12.Qd3 Bxd2 13.Bxd2 Rxb2 14.Rac1 O-O 15.Rc5 Ne8
16.Rfc1 Rb6 17.Qc4 Nd6 18.Qc2 Nb4 19.Bxb4 Rxb4 20.Rxc7 Qb5 21.Rc5 Qa4 22.Qe2 d3
23.Qxd3 Nxe4 24.Rc8 Rb8 25.Rxf8+ Kxf8 26.Re1 Rb4 27.Qd8+ Qe8 28.Qh4 Qg6 29.a3 Ra4
30.Qf4+ Qf5 31.Qb8+ Ke7 32.Qc7+ Kf6 33.Qd8+  1-0